Countries sharing Territorial Disputes - Statistics

General Stats
  • This quiz has been taken 2,114 times
  • The average score is 13 of 24
Answer Stats
Hint Answer % Correct
Falkland Islands United Kingdom
99%
Crimean Peninsula Russia
96%
Crimean Peninsula Ukraine
94%
Falkland Islands Argentina
92%
Mayotte France
88%
Golan Heights Israel
83%
Golan Heights Syria
79%
Navassa Island United States
76%
Hala'ib Triangle Egypt
74%
Hala'ib Triangle Sudan
71%
Durand Line Pakistan
57%
Durand Line Afghanistan
56%
Ems Estuary Netherlands
54%
Ems Estuary Germany
51%
Mayotte Comoros
40%
Ankoko Island Venezuela
38%
Ankoko Island Guyana
37%
Navassa Island Haiti
34%
Conejo Island Honduras
21%
Gulf of Piran Croatia
20%
Conejo Island El Salvador
20%
Gulf of Piran Slovenia
19%
Isfara Valley Tajikistan
19%
Isfara Valley Kyrgyzstan
18%
No matching quizzes found
Score Distribution
Percent of People with Each Score
Percentile by Number Answered
Your Score History
You have not taken this quiz